| 000 | 00434pab a2200169 454500 | ||
|---|---|---|---|
| 008 | 180718b1955 xxu||||| |||| 00| 0 eng d | ||
| 100 | _aSingh, Indarjit | ||
| 245 | _aReorganising the Indian income-tax department | ||
| 260 | _c1955 | ||
| 300 | _ap.224-239. | ||
| 362 | _aJul-Sep | ||
| 650 | _aIncome tax - India | ||
| 650 | _aIncome tax | ||
| 773 | _aIndian Journal of Public Administration | ||
| 908 | _aN | ||
| 909 | _a100758 | ||
| 999 |
_c100757 _d100757 |
||